000 00953nam a2200265Ia 4500
008 130821s1997 ck gr spa
020 _a9589203639
040 _aCo-BoUCM
_bspa
041 0 0 _aspa
100 1 _aGarcia Amado, Juan Antonio
_937984
245 1 0 _aEscritos sobre filosofía del derecho
_cJuan Antonio García Amado.
260 _aBogotá (Colombia)
_bEdiciones Rosaristas
_c1997
300 _a469 páginas
490 _aColección Textos Jurídicos
_v2
504 _aIncluye índice
600 _aHabermas, Jurgen
_d1929-
_xCrítica e interpretación, etc.
_9107950
650 0 4 _aEstado de derecho
_915014
650 0 4 _aFilosofía del derecho
_915792
650 0 4 _aJusticia
_918195
650 0 4 _aTeoría del derecho
_925308
650 0 4 _aValores (Filosofía)
_926079
710 _aUniversidad Colegio Mayor de Nuestra Señora del Rosario
_93797
942 _cLIBRO
_a8
_e1
_mG17es
_2DEWEY
_h340.1
999 _c26517
_d26517